UBT Library

PROFILES IN LEADERSHIP (Record no. 60586)

000 -LEADER
fixed length control field 00325nam a22001457a 4500
008 - FIXED-LENGTH DATA ELEMENTS--GENERAL INFORMATION
fixed length control field 240206b ||||| |||| 00| 0 eng d
020 ## - INTERNATIONAL STANDARD BOOK NUMBER
International Standard Book Number 9780393340761
041 ## - LANGUAGE CODE
Language code of text/sound track or separate title eng
080 ## - UNIVERSAL DECIMAL CLASSIFICATION NUMBER
Edition identifier 2011
Universal Decimal Classification number 94
082 ## - DEWEY DECIMAL CLASSIFICATION NUMBER
Classification number 94
100 ## - Rafti
Rafti 28
101 ## - Shkurtesa
Shkurtesa HISTORI
245 ## - TITLE STATEMENT
Title PROFILES IN LEADERSHIP
Statement of responsibility, etc WALTER ISAACSON
942 ## - ADDED ENTRY ELEMENTS (KOHA)
Source of classification or shelving scheme
Item type Books
Holdings
Withdrawn status Lost status Source of classification or shelving scheme Damaged status Not for loan Collection code Permanent location Current location Date acquired Total Checkouts Full call number Barcode Date last seen Price effective from Koha item type
          Koleksioni i përgjithshem UBT - Lipjan UBT - Lipjan 02/06/2024   94ISA 002-800070582 02/06/2024 02/06/2024 Books
UBT Library © 2015-2024. All rights reserved University Education for Business and Technology